00521cam a22002171 4500001001300000003000400013005001700017008004100034010001700075035002000092040001800112042001200130050001700142100002600159245003500185260001100220300001900231500001400250650002200264999001700286sa 62001203 DLC20260227111918.0890614s1962 ii 000 0 hino  asa 62001203  a(OCoLC)19871523 aDLCcWaUdDLC apremarc00aPK2038b.B481 aBhatnagar, Ram Ratan.10aMūlya aura mūlyāṅkana. c[1962] a267 p.c23 cm. aIn Hindi. 0aHindi literature. c53212d53212